将棋歴代王座クイズ - Statistics

General Stats
  • This quiz has been taken 14 times
    10 since last reset
  • The average score is 55 of 73
Answer Stats
年度 王座 % Correct
73 2025 伊藤匠
100%
72 2024 藤井聡太
100%
71 2023 藤井聡太
100%
70 2022 永瀬拓矢
100%
69 2021 永瀬拓矢
100%
68 2020 永瀬拓矢
100%
67 2019 永瀬拓矢
100%
64 2016 羽生善治
100%
63 2015 羽生善治
100%
62 2014 羽生善治
100%
61 2013 羽生善治
100%
60 2012 羽生善治
100%
58 2010 羽生善治
100%
57 2009 羽生善治
100%
56 2008 羽生善治
100%
55 2007 羽生善治
100%
54 2006 羽生善治
100%
53 2005 羽生善治
100%
52 2004 羽生善治
100%
51 2003 羽生善治
100%
50 2002 羽生善治
100%
49 2001 羽生善治
100%
48 2000 羽生善治
100%
47 1999 羽生善治
100%
46 1998 羽生善治
100%
45 1997 羽生善治
100%
44 1996 羽生善治
100%
43 1995 羽生善治
100%
42 1994 羽生善治
100%
41 1993 羽生善治
100%
40 1992 羽生善治
100%
10 1962 加藤一二三
100%
59 2011 渡辺明
88%
29 1981 大山康晴
88%
28 1980 大山康晴
88%
16 1968 大山康晴
88%
14 1966 大山康晴
88%
12 1964 大山康晴
88%
7 1959 大山康晴
88%
3 1955 大山康晴
88%
2 1954 大山康晴
88%
1 1953 大山康晴
88%
37 1989 中原誠
75%
36 1988 中原誠
75%
34 1986 中原誠
75%
33 1985 中原誠
75%
32 1984 中原誠
75%
31 1983 中原誠
75%
27 1979 中原誠
75%
26 1978 中原誠
75%
25 1977 中原誠
75%
24 1976 中原誠
75%
22 1974 中原誠
75%
21 1973 中原誠
75%
20 1972 中原誠
75%
19 1971 中原誠
75%
18 1970 中原誠
75%
17 1969 中原誠
75%
65 2017 中村太地
63%
38 1990 谷川浩司
63%
39 1991 福崎文吾
50%
66 2018 斎藤慎太郎
38%
30 1982 内藤國雄
25%
6 1958 塚田正夫
13%
35 1987 塚田泰明
0%
23 1975 桐山清澄
0%
15 1967 山田道美
0%
13 1965 丸田祐三
0%
11 1963 灘蓮照
0%
9 1961 本間爽悦
0%
8 1960 丸田祐三
0%
5 1957 松田茂役
0%
4 1956 小堀清一
0%
No matching quizzes found
Score Distribution
Percent of People with Each Score
Percentile by Number Answered
Your Score History
You have not taken this quiz since the last reset